Statistiques concernant Ducs de Lorraine.

Cliquez ici pour prendre le quiz!

Statistiques générales

  • Ce quiz a été pris 204 fois
    (70 depuis la dernière actualisation)
  • Le résultat moyen est 15 sur 41

Statistiques - réponses

DynastieRègneDuc% Correct
Leszczyński1737 - 1766Stanislas Ier
86%
Alsace1390 - 1431Charles II
80%
Vaudémont1545 - 1608Charles III
80%
Vaudémont1625 - 1634 /1641 /1661 - 1670Charles IV
80%
Vaudémont1675 - 1690Charles V
80%
Vaudémont1608 - 1624Henri II
70%
Vaudémont1625François II
68%
Vaudémont1729 - 1737François III
68%
Vaudémont1544 - 1545François Ier
68%
Anjou1453 - 1470Jean II
63%
Alsace1346 - 1390Jean Ier
63%
Vaudémont1473 - 1508René II
55%
Anjou1431 - 1453René Ier
55%
Vaudémont1690 - 1729Léopold Ier
48%
Vaudémont1508 - 1544Antoine Ier
29%
Alsace1070 - 1115Thierry II
29%
Bar978 - 1027Thierry Ier
29%
Alsace1205 - 1206Ferry Ier
23%
Alsace1205 - 1213Ferry II
23%
Alsace1251 - 1303Ferry III
23%
Alsace1312 - 1328Ferry IV
23%
Anjou1470 - 1473Nicolas Ier
23%
Bar1019 - 1026Frédéric II
21%
Bar1027 - 1033Frédéric III
21%
Bar950 - 978Frédéric Ier
21%
Alsace1048 - 1070Gérard Ier
21%
Anjou1431 - 1453Isabelle Ire
20%
Alsace1431 - 1453Isabelle Ire
20%
Alsace1328 - 1346Raoul Ier
20%
Alsace1176 - 1205Simon II
20%
Alsace1115 - 1139Simon Ier
20%
Alsace1303 - 1312Thiébaud II
18%
Alsace1213 - 1220Thiébaud Ier
18%
Verdun1044 - 1047Godefroy II
14%
Vaudémont1624 - 1625Nicole de Lorraine
14%
Alsace1220 - 1251Mathieu II
13%
Alsace1139 - 1176Mathieu Ier
13%
Vaudémont1634Nicolas-François
11%
Anjou1473Yolande d'Anjou
7%
Alsace1047 - 1048Adalbert
5%
Verdun1033 - 1044Gothelon Ier
4%

Distribution des résultats

Percentile par nombre de réponses

% des personnes avec chaque résultat

Votre développement - résultats

Vous n’avez pas pris ce quiz depuis la dernière actualisation